[Event "Titled Tuesday intern op 06th Feb Late"]
[Site "Chess.com INT"]
[Date "2024.02.06"]
[Round "11"]
[White "Howell, David"]
[Black "Guzman Lozano, Campo Elias"]
[Result "1-0"]
[WhiteElo "2675"]
[BlackElo "1837"]
[PlyCount "71"]
[EventDate "2024.02.06"]
[EventType "swiss (blitz)"]
[EventRounds "11"]
[EventCountry "USA"]
[SourceTitle "CB07_2024"]
[SourceDate "2024.02.14"]
[SourceVersion "1"]
[SourceVersionDate "2024.02.14"]
[SourceQuality "1"]

1. b3 e5 2. Bb2 Nc6 3. e3 d5 4. Bb5 Bd6 5. f4 Qh4+ 6. g3 Qe7 7. Nc3 Nf6 8. Qf3 e4 9. Qg2 Bd7 10. g4 Nb4 11. 0-0-0 c6 12. g5 Ng8 13. Be2 0-0-0 14. Kb1 Na6 15. Bxa6 bxa6 16. Nxe4 dxe4 17. Bxg7 Qe6 18. Bxh8 Ne7 19. Bb2 Rg8 20. Ne2 c5 21. h4 Nc6 22. Nc3 Re8 23. f5 Qxf5 24. Rdf1 Qe6 25. Rf6 Qe7 26. Rhf1 Be5 27. Rxf7 Qd8 28. Rxh7 Re7 29. Rxe7 Nxe7 30. Qxe4 Qc7 31. Qa8+ Qb8 32. Qxb8+ Bxb8 33. Rf8+ Kc7 34. h5 Kb7 35. Ne4 Nd5 36. Nxc5+ 1-0

[Event "EU-chT 24th"]
[Site "Budva"]
[Date "2023.11.19"]
[Round "8.1"]
[White "Howell, David"]
[Black "Sarana, Alexey"]
[Result "1/2-1/2"]
[WhiteElo "2676"]
[BlackElo "2669"]
[PlyCount "157"]
[EventDate "2023.11.11"]
[EventType "team-swiss"]
[EventRounds "9"]
[EventCountry "MNE"]
[SourceTitle "CB47_2023"]
[SourceDate "2023.11.22"]
[SourceVersion "1"]
[SourceVersionDate "2023.11.22"]
[SourceQuality "1"]
[WhiteTeam "England"]
[BlackTeam "Serbia"]
[WhiteTeamCountry "ENG"]
[BlackTeamCountry "SRB"]

1. e4 e5 2. Nf3 Nf6 3. Nxe5 d6 4. Nf3 Nxe4 5. d3 Nf6 6. d4 g6 7. Bd3 Bg7 8. 0-0 0-0 9. h3 c5 10. Nc3 Nc6 11. dxc5 dxc5 12. Ne4 Nb4 13. Nxc5 b6 14. Ne4 Nxd3 15. Qxd3 Qxd3 16. Nxf6+ Bxf6 17. cxd3 Ba6 18. Rd1 Rac8 19. Ne1 Rfe8 20. Kf1 Re5 21. Rb1 Ra5 22. a3 Rb5 23. b4 Rd5 24. a4 h5 25. Bb2 Bg5 26. b5 Bb7 27. Bc1 Be7 28. Be3 Ba3 29. Ra1 Bd6 30. Rdc1 Ra8 31. Rc4 Bc8 32. Ke2 Bf5 33. Rac1 a6 34. bxa6 Rxa6 35. Rb1 Bd7 36. Rxb6 Rxa4 37. Rxa4 Bxa4 38. Nf3 Bb5 39. Nd4 Bd7 40. Rb7 Be5 41. Nb3 Bf5 42. Nc5 Rd8 43. Ra7 Kg7 44. f3 Re8 45. Kd2 Rb8 46. Ra2 h4 47. Ne4 Rb1 48. f4 Bf6 49. Nc5 Rh1 50. Ke2 Rb1 51. Rc2 Kh6 52. Ne4 Kg7 53. Nxf6 Kxf6 54. Bd4+ Ke6 55. Bf2 Rb3 56. Rd2 Kd5 57. Bxh4 Bd7 58. Bf6 Ke6 59. Ba1 f5 60. Ke3 Kd5 61. Rc2 Bb5 62. Bc3 Rb1 63. Rf2 Rd1 64. Bd2 Rb1 65. Bc3 Rd1 66. Bd2 Rb1 67. Rf3 Rb3 68. Ke2 Rxd3 69. Rxd3+ Ke4 70. Kf2 Bxd3 71. Kg3 Kd5 72. Kh4 Ke6 73. Kg5 Kf7 74. g4 fxg4 75. hxg4 Be4 76. Bc3 Bd3 77. f5 gxf5 78. gxf5 Bxf5 79. Kxf5 1/2-1/2

[Event "EU-chT 24th"]
[Site "Budva"]
[Date "2023.11.17"]
[Round "6.2"]
[White "Howell, David"]
[Black "Warmerdam, Max"]
[Result "1-0"]
[WhiteElo "2676"]
[BlackElo "2638"]
[PlyCount "149"]
[EventDate "2023.11.11"]
[EventType "team-swiss"]
[EventRounds "9"]
[EventCountry "MNE"]
[SourceTitle "CB47_2023"]
[SourceDate "2023.11.22"]
[SourceVersion "1"]
[SourceVersionDate "2023.11.22"]
[SourceQuality "1"]
[WhiteTeam "England"]
[BlackTeam "Netherlands"]
[WhiteTeamCountry "ENG"]
[BlackTeamCountry "NED"]

1. e4 c5 2. Nf3 d6 3. d4 cxd4 4. Nxd4 Nf6 5. Nc3 Nc6 6. Bb5 Bd7 7. Be3 g6 8. f3 Bg7 9. Qd2 0-0 10. 0-0-0 Qc7 11. Kb1 Rfc8 12. g4 Nxd4 13. Bxd4 Bxb5 14. Nxb5 Qd7 15. Qd3 Qe6 16. Rhe1 Nd7 17. b3 Bxd4 18. Nxd4 Qf6 19. Qe3 Rc5 20. f4 Rac8 21. g5 Qg7 22. c4 a6 23. h4 b5 24. cxb5 axb5 25. Rc1 b4 26. Ne2 h5 27. Qd2 Rb8 28. e5 Rb6 29. Ng3 Qf8 30. exd6 Rxd6 31. Qxb4 Rb6 32. Qd4 Rd6 33. Qb4 Rb6 34. Qd4 Rd6 35. Qe3 Re6 36. Qd2 Rd6 37. Qe3 Re6 38. Qf2 Rec6 39. f5 Rxc1+ 40. Rxc1 Rxc1+ 41. Kxc1 Qc8+ 42. Kb2 Qb8 43. Qe3 Ne5 44. Qc3 Qd6 45. fxg6 Nd3+ 46. Kc2 Nb4+ 47. Kb2 Nd3+ 48. Kc2 Nb4+ 49. Kb1 Qxg6+ 50. Kb2 Qd6 51. Ne4 Qh2+ 52. Qd2 Qe5+ 53. Nc3 e6 54. a3 Nd5 55. b4 Nxc3 56. Qxc3 Qh2+ 57. Kb3 Qxh4 58. b5 Qe4 59. b6 h4 60. Qc8+ Kh7 61. b7 Qd3+ 62. Kb4 Qd4+ 63. Kb5 Qd5+ 64. Kb6 Qd6+ 65. Kb5 Qd5+ 66. Kb6 Qd6+ 67. Qc6 Qd8+ 68. Qc7 Qd4+ 69. Ka5 Qd5+ 70. Kb6 Qd4+ 71. Qc5 Qd8+ 72. Ka7 Qd7 73. Ka6 Qd8 74. Qc2+ Kg7 75. Qb2+ 1-0

[Event "Titled Tuesday intern op 01st Aug Early"]
[Site "Chess.com INT"]
[Date "2023.08.01"]
[Round "8"]
[White "Kuchava, Ana"]
[Black "Howell, David"]
[Result "0-1"]
[WhiteElo "2101"]
[BlackElo "2677"]
[PlyCount "62"]
[EventDate "2023.08.01"]
[EventType "swiss (blitz)"]
[EventRounds "11"]
[EventCountry "USA"]
[SourceTitle "EXT 2024"]
[Source "ChessBase"]
[SourceDate "2023.10.10"]
[SourceVersion "1"]
[SourceVersionDate "2023.10.10"]
[SourceQuality "1"]

1. d4 b5 2. e4 Bb7 3. Bd3 e6 4. Nf3 c5 5. c3 cxd4 6. cxd4 Nf6 7. Qe2 b4 8. 0-0 Be7 9. Bg5 h6 10. Bh4 a5 11. Nbd2 d5 12. e5 Nfd7 13. Bxe7 Qxe7 14. Rac1 0-0 15. h3 Nc6 16. Nb3 Rfc8 17. Bb5 a4 18. Nbd2 Nb6 19. Rfd1 Rc7 20. Qe3 Rac8 21. Nf1 Na5 22. Rxc7 Qxc7 23. Ng3 Qc2 24. Qd2 Qxd2 25. Rxd2 Rc1+ 26. Kh2 Nac4 27. Re2 Rb1 28. Ne1 Nxb2 29. Nc2 N2c4 30. Ne3 a3 31. Bxc4 dxc4 0-1

[Event "Titled Tuesday intern op 01st Aug Early"]
[Site "Chess.com INT"]
[Date "2023.08.01"]
[Round "11"]
[White "Ventura Bolet, Maxim"]
[Black "Howell, David"]
[Result "0-1"]
[WhiteElo "2203"]
[BlackElo "2677"]
[PlyCount "74"]
[EventDate "2023.08.01"]
[EventType "swiss (blitz)"]
[EventRounds "11"]
[EventCountry "USA"]
[SourceTitle "EXT 2024"]
[Source "ChessBase"]
[SourceDate "2023.10.10"]
[SourceVersion "1"]
[SourceVersionDate "2023.10.10"]
[SourceQuality "1"]

1. c4 a6 2. g3 c6 3. Bg2 d5 4. b3 e5 5. cxd5 cxd5 6. Bb2 Nc6 7. Nf3 Bd6 8. 0-0 Nge7 9. d4 e4 10. Ne5 Na7 11. f3 f6 12. fxe4 fxe5 13. dxe5 Bc5+ 14. Kh1 d4 15. Na3 Nac6 16. Nc4 Be6 17. e3 Bxc4 18. bxc4 Ng6 19. exd4 Bxd4 20. Bxd4 Qxd4 21. Qg4 Qxe5 22. Rad1 Rd8 23. Rd5 Qe7 24. Rfd1 0-0 25. h4 Nge5 26. Qe2 h6 27. Bh3 Kh8 28. Bf5 Qf7 29. Kg2 Rde8 30. Rd6 Re7 31. Qe3 Nxc4 32. Rxh6+ gxh6 33. Qxh6+ Kg8 34. Qg5+ Qg7 35. Qh5 Ne3+ 36. Kh3 Nxd1 37. Bg4 Nf2+ 0-1

[Event "Titled Tuesday intern op 04th Jul Early"]
[Site "Chess.com INT"]
[Date "2023.07.04"]
[Round "10"]
[White "Howell, David"]
[Black "Besedes, Danilo"]
[Result "1-0"]
[WhiteElo "2677"]
[BlackElo "2287"]
[PlyCount "93"]
[EventDate "2023.07.04"]
[EventType "swiss (blitz)"]
[EventRounds "11"]
[EventCountry "USA"]
[SourceTitle "EXT 2024"]
[Source "ChessBase"]
[SourceDate "2023.10.10"]
[SourceVersion "1"]
[SourceVersionDate "2023.10.10"]
[SourceQuality "1"]

1. d4 e6 2. Nf3 d5 3. c4 Nf6 4. Nc3 Be7 5. Bf4 0-0 6. e3 c5 7. dxc5 Qa5 8. Qc2 Nc6 9. 0-0-0 dxc4 10. Bxc4 Qxc5 11. Na4 Qa5 12. Nc3 Qc5 13. Bb3 e5 14. Bg5 Na5 15. Bxf6 Bxf6 16. Bd5 Nc6 17. a3 Bg4 18. h3 Bh5 19. Be4 Bg6 20. Rd5 Qb6 21. Rhd1 a5 22. Kb1 Nb4 23. axb4 axb4 24. Qb3 Rfc8 25. Bxg6 hxg6 26. Na2 e4 27. Nd2 Ra6 28. Nxe4 Rca8 29. Nxb4 Ra1+ 30. Kc2 Qc7+ 31. Rc5 Qe7 32. Rxa1 Qxe4+ 33. Nd3 Rxa1 34. Rc8+ Kh7 35. Qxf7 Qa4+ 36. Qb3 Qxb3+ 37. Kxb3 Rg1 38. g3 Rh1 39. h4 Rd1 40. Kc2 Ra1 41. Rc7 b5 42. Rb7 Ra5 43. Kb3 Kh6 44. Nf4 g5 45. hxg5+ Kxg5 46. Nd5 Be5 47. f4+ 1-0

[Event "Titled Tuesday intern op 04th Jul Early"]
[Site "Chess.com INT"]
[Date "2023.07.04"]
[Round "7"]
[White "Howell, David"]
[Black "Tsyhanchuk, Stanislav"]
[Result "1-0"]
[WhiteElo "2677"]
[BlackElo "2273"]
[PlyCount "75"]
[EventDate "2023.07.04"]
[EventType "swiss (blitz)"]
[EventRounds "11"]
[EventCountry "USA"]
[SourceTitle "EXT 2024"]
[Source "ChessBase"]
[SourceDate "2023.10.10"]
[SourceVersion "1"]
[SourceVersionDate "2023.10.10"]
[SourceQuality "1"]

1. e4 c5 2. Nf3 d6 3. Be2 Nc6 4. 0-0 g6 5. Re1 Bg7 6. c3 Nf6 7. Bf1 0-0 8. h3 e5 9. d4 exd4 10. cxd4 cxd4 11. Nxd4 Ne8 12. Be3 Nc7 13. Nc3 Ne6 14. Ndb5 Be5 15. Qd2 a6 16. Na3 b5 17. Nd5 Bb7 18. Rad1 Ned4 19. Bg5 f6 20. Bh6 f5 21. Bxf8 Qxf8 22. Nc2 fxe4 23. Rxe4 Nxc2 24. Qxc2 Qf7 25. a4 Nd4 26. Rexd4 Bxd4 27. Rxd4 Bxd5 28. axb5 axb5 29. Bxb5 Be6 30. Rxd6 Bf5 31. Qd1 Kg7 32. g4 Be6 33. Qd4+ Kf8 34. Qh8+ Qg8 35. Qf6+ Bf7 36. Bc4 Ra1+ 37. Kh2 Qg7 38. Rd8# 1-0

[Event "Titled Tuesday intern op 04th Jul Early"]
[Site "Chess.com INT"]
[Date "2023.07.04"]
[Round "8"]
[White "Todorovic, Bojan"]
[Black "Howell, David"]
[Result "0-1"]
[WhiteElo "2195"]
[BlackElo "2677"]
[PlyCount "70"]
[EventDate "2023.07.04"]
[EventType "swiss (blitz)"]
[EventRounds "11"]
[EventCountry "USA"]
[SourceTitle "EXT 2024"]
[Source "ChessBase"]
[SourceDate "2023.10.10"]
[SourceVersion "1"]
[SourceVersionDate "2023.10.10"]
[SourceQuality "1"]

1. d4 Nf6 2. c4 c5 3. d5 e6 4. Nc3 exd5 5. cxd5 d6 6. Nf3 g6 7. Nd2 Bg7 8. Nc4 0-0 9. Bf4 Ne8 10. Qd2 Nd7 11. Nxd6 Ne5 12. Bxe5 Bxe5 13. Nc4 Bxc3 14. bxc3 b5 15. Ne5 Nd6 16. Nc6 Qf6 17. e3 Bb7 18. Bd3 Bxc6 19. dxc6 Rac8 20. 0-0 Rfd8 21. Qe2 c4 22. Bc2 Qxc3 23. Rad1 Rxc6 24. Rd4 Rcc8 25. Rfd1 Nb7 26. Be4 Rxd4 27. exd4 Re8 28. Qg4 Nd6 29. f3 Qe3+ 30. Kh1 f5 31. Bd5+ Kg7 32. Qh4 c3 33. Bb3 a5 34. h3 a4 35. Bc2 Qe2 0-1

[Event "Titled Tuesday intern op 27th Jun Late"]
[Site "Chess.com INT"]
[Date "2023.06.27"]
[Round "8"]
[White "Howell, David"]
[Black "Petersson, Kjell"]
[Result "1-0"]
[WhiteElo "2677"]
[BlackElo "2061"]
[PlyCount "133"]
[EventDate "2023.06.27"]
[EventType "swiss (blitz)"]
[EventRounds "11"]
[EventCountry "USA"]
[SourceTitle "EXT 2024"]
[Source "ChessBase"]
[SourceDate "2023.10.10"]
[SourceVersion "1"]
[SourceVersionDate "2023.10.10"]
[SourceQuality "1"]

1. e4 c5 2. Nf3 d6 3. Nc3 g6 4. Bb5+ Nc6 5. 0-0 Bd7 6. Re1 Bg7 7. h3 a6 8. Bxc6 Bxc6 9. d4 cxd4 10. Nxd4 Nf6 11. Bf4 0-0 12. e5 dxe5 13. Nxc6 bxc6 14. Bxe5 Qb6 15. b3 Rfd8 16. Qf3 Rd7 17. Na4 Qb5 18. c4 Qa5 19. Qxc6 Rad8 20. Bc3 Qg5 21. Qc5 Qh4 22. Qe5 Nh5 23. Qe4 Qg5 24. Bxg7 Nxg7 25. h4 Qf6 26. Rac1 Nf5 27. g3 Nd6 28. Qe5 Qf3 29. Re3 Qg4 30. Nb6 Nf5 31. Nxd7 Nxe3 32. Qxe3 Rxd7 33. c5 Rc7 34. a3 Qf5 35. b4 h5 36. Kh2 Qd5 37. Re1 e6 38. Re2 Qc6 39. Rd2 Rd7 40. Rxd7 Qxd7 41. Kg2 Qc6+ 42. Qf3 Qc7 43. Qa8+ Kg7 44. Qxa6 Qd7 45. Qe2 Qd5+ 46. Qf3 Qc4 47. c6 Kf8 48. Kh2 Ke7 49. Qh1 Kd6 50. Qf3 Ke7 51. Kg1 Qc1+ 52. Kg2 f5 53. Kh2 e5 54. Qe3 e4 55. Qc5+ Qxc5 56. bxc5 Kd8 57. a4 Kc7 58. a5 Kxc6 59. a6 Kc7 60. Kg2 Kb8 61. c6 f4 62. gxf4 e3 63. fxe3 g5 64. fxg5 Ka8 65. c7 Ka7 66. c8Q Kb6 67. g6 1-0

[Event "Titled Tuesday intern op 20th Jun Late"]
[Site "Chess.com INT"]
[Date "2023.06.20"]
[Round "5"]
[White "Howell, David"]
[Black "Bongo Akanga Ndjila, Barthelemy"]
[Result "1-0"]
[WhiteElo "2677"]
[BlackElo "1824"]
[PlyCount "91"]
[EventDate "2023.06.20"]
[EventType "swiss (blitz)"]
[EventRounds "11"]
[EventCountry "USA"]
[SourceTitle "EXT 2024"]
[Source "ChessBase"]
[SourceDate "2023.10.10"]
[SourceVersion "1"]
[SourceVersionDate "2023.10.10"]
[SourceQuality "1"]

1. d4 d5 2. Bf4 e6 3. e3 Nf6 4. Nf3 Be7 5. Nbd2 Nh5 6. Be5 f6 7. Bg3 g6 8. c4 Nxg3 9. hxg3 c6 10. Qc2 Nd7 11. Bd3 Nf8 12. 0-0-0 Qa5 13. Kb1 Bd7 14. e4 0-0-0 15. cxd5 exd5 16. Nb3 Qb6 17. exd5 Kb8 18. dxc6 Bxc6 19. Be4 Rc8 20. Rc1 Nd7 21. Bxc6 Rxc6 22. Qe4 Rxc1+ 23. Rxc1 Bd6 24. Qe6 Rd8 25. Qf7 a5 26. Nbd2 a4 27. Nc4 Qa6 28. Qxh7 Bb4 29. Qxg6 Rc8 30. Ne3 Rxc1+ 31. Kxc1 a3 32. Qe8+ Kc7 33. Nd5+ Kd6 34. Nxb4 axb2+ 35. Kxb2 Qc4 36. a3 Nb6 37. Qf8+ Kd7 38. Qg7+ Kc8 39. Qf8+ Kc7 40. Qc5+ Kb8 41. Qxc4 Nxc4+ 42. Kb3 Nd6 43. g4 Kc7 44. Nd5+ Kc6 45. Nxf6 Ne4 46. Nxe4 1-0

[Event "Titled Tuesday intern op 20th Jun Late"]
[Site "Chess.com INT"]
[Date "2023.06.20"]
[Round "9"]
[White "Howell, David"]
[Black "Liu, Casper Yukun"]
[Result "1-0"]
[WhiteElo "2677"]
[BlackElo "2278"]
[PlyCount "155"]
[EventDate "2023.06.20"]
[EventType "swiss (blitz)"]
[EventRounds "11"]
[EventCountry "USA"]
[SourceTitle "EXT 2024"]
[Source "ChessBase"]
[SourceDate "2023.10.10"]
[SourceVersion "1"]
[SourceVersionDate "2023.10.10"]
[SourceQuality "1"]

1. d4 d5 2. Bf4 Nf6 3. e3 e6 4. Nf3 Bd6 5. Bg3 0-0 6. c3 c5 7. Nbd2 Qc7 8. a4 Nbd7 9. a5 e5 10. dxe5 Nxe5 11. Nxe5 Bxe5 12. Be2 Bf5 13. 0-0 Bxg3 14. hxg3 Rad8 15. Qa4 a6 16. Rfd1 Rfe8 17. Bf3 Bd3 18. Nb3 Be4 19. Qa3 Rc8 20. Rd2 c4 21. Nd4 Bd3 22. Rad1 Qe5 23. Qb4 Rc7 24. Qb6 Rce7 25. Rxd3 cxd3 26. Rxd3 Qc7 27. Qb4 Ne4 28. Ne2 Qc4 29. Qxc4 dxc4 30. Rd4 Re5 31. Nf4 f5 32. Nd5 Kf7 33. Be2 Nd6 34. Nc7 Rd8 35. Bxc4+ Ke7 36. Nd5+ Kd7 37. Bb3 Kc8 38. Kf1 Nb5 39. Nb6+ Kc7 40. Rc4+ Kb8 41. Ke2 Nd6 42. Rd4 Nf7 43. Bxf7 Rxd4 44. cxd4 Rxa5 45. Nc4 Rb5 46. Kd3 a5 47. Kc3 a4 48. Kc2 Rb4 49. Nd6 Rb6 50. Nc4 Rb5 51. Be8 Rd5 52. Bxa4 b5 53. Nb6 Rd6 54. Bxb5 Rxb6 55. Bd3 g6 56. Kc3 Rc6+ 57. Bc4 Kc7 58. b4 Rb6 59. b5 Kd6 60. Kd3 h6 61. Ke2 g5 62. Kf3 Rb8 63. g4 Rc8 64. Bd3 fxg4+ 65. Kxg4 Rc3 66. Be4 Rb3 67. Bc6 Rb2 68. Kg3 Rc2 69. e4 Rd2 70. d5 Rb2 71. f3 Ke5 72. Kh3 Kf4 73. d6 Rd2 74. d7 Rd1 75. g3+ Kxf3 76. e5+ Kf2 77. e6 h5 78. e7 1-0

[Event "Titled Tuesday intern op 20th Jun Late"]
[Site "Chess.com INT"]
[Date "2023.06.20"]
[Round "7"]
[White "Howell, David"]
[Black "Melikhov, Evgeny V"]
[Result "1-0"]
[WhiteElo "2677"]
[BlackElo "2271"]
[PlyCount "99"]
[EventDate "2023.06.20"]
[EventType "swiss (blitz)"]
[EventRounds "11"]
[EventCountry "USA"]
[SourceTitle "EXT 2024"]
[Source "ChessBase"]
[SourceDate "2023.10.10"]
[SourceVersion "1"]
[SourceVersionDate "2023.10.10"]
[SourceQuality "1"]

1. e4 e5 2. Bc4 Nf6 3. Nc3 Nc6 4. d3 Bc5 5. f4 d6 6. Nf3 Bg4 7. h3 Bxf3 8. Qxf3 Nd4 9. Qd1 c6 10. fxe5 dxe5 11. Bg5 b5 12. Bb3 Nxb3 13. axb3 Qd4 14. Qf3 Nd7 15. Ra2 f6 16. Bd2 0-0 17. Ne2 Qd6 18. Be3 Rf7 19. 0-0 Bxe3+ 20. Qxe3 Qc5 21. Qxc5 Nxc5 22. Rfa1 g6 23. g4 Ne6 24. Ra6 Rc7 25. Kf2 Kf7 26. Ke3 Ke7 27. b4 Kd7 28. h4 Kc8 29. Rf1 Kb7 30. Rxf6 Kxa6 31. Rxe6 Kb6 32. Rxe5 a5 33. bxa5+ Rxa5 34. b4 Ra1 35. h5 Rh1 36. hxg6 hxg6 37. Re6 Rh3+ 38. Kd2 Rf7 39. Nd4 Rf2+ 40. Kc3 g5 41. Rxc6+ Kb7 42. Rg6 Rg3 43. Rxg5 Rfg2 44. Rxb5+ Ka6 45. Rg5 Rxg4 46. Rxg4 Rxg4 47. Kc4 Kb6 48. Kd5 Rg5+ 49. e5 Kc7 50. Ne6+ 1-0

[Event "Titled Tuesday intern op 20th Jun Early"]
[Site "Chess.com INT"]
[Date "2023.06.20"]
[Round "11"]
[White "Jakubowski, Krzysztof"]
[Black "Howell, David"]
[Result "0-1"]
[WhiteElo "2486"]
[BlackElo "2677"]
[PlyCount "96"]
[EventDate "2023.06.20"]
[EventType "swiss (blitz)"]
[EventRounds "11"]
[EventCountry "USA"]
[SourceTitle "EXT 2024"]
[Source "ChessBase"]
[SourceDate "2023.10.10"]
[SourceVersion "1"]
[SourceVersionDate "2023.10.10"]
[SourceQuality "1"]

1. e4 e6 2. d4 d5 3. Nc3 dxe4 4. Nxe4 Bd7 5. Nf3 Bc6 6. Ned2 Nf6 7. Bd3 Nbd7 8. 0-0 Be7 9. Re1 0-0 10. c3 a5 11. Qe2 b6 12. Nc4 Bb7 13. Nce5 c5 14. Ng5 Qe8 15. Bb5 cxd4 16. cxd4 Rd8 17. Qd3 Nxe5 18. Rxe5 Bc6 19. Be3 h6 20. Bxc6 Qxc6 21. Nf3 Rc8 22. Rc1 Qb7 23. Rb5 Nd5 24. a3 Rxc1+ 25. Bxc1 Rc8 26. Bd2 Qc6 27. h3 Bf6 28. a4 Qc2 29. Qe2 Qxa4 30. b3 Qa1+ 31. Kh2 Bxd4 32. Qe4 Bf6 33. Qg4 Rd8 34. Bxh6 Qf1 35. Rxd5 Rxd5 36. Be3 Qb5 37. Nd2 Be5+ 38. g3 Qd3 39. Ne4 Qxb3 40. Ng5 Qc2 41. Qh5 Qg6 42. Qf3 Qf5 43. Qe2 Bf6 44. Nf3 Qd3 45. Qa2 g6 46. Qa4 Kg7 47. Qg4 Qf5 48. Qc4 Qxf3 0-1

[Event "Titled Tuesday intern op 20th Jun Early"]
[Site "Chess.com INT"]
[Date "2023.06.20"]
[Round "9"]
[White "Kvaloy, Aksel Bu"]
[Black "Howell, David"]
[Result "1/2-1/2"]
[WhiteElo "2347"]
[BlackElo "2677"]
[PlyCount "153"]
[EventDate "2023.06.20"]
[EventType "swiss (blitz)"]
[EventRounds "11"]
[EventCountry "USA"]
[SourceTitle "EXT 2024"]
[Source "ChessBase"]
[SourceDate "2023.10.10"]
[SourceVersion "1"]
[SourceVersionDate "2023.10.10"]
[SourceQuality "1"]

1. e4 e6 2. d4 d5 3. Nc3 dxe4 4. Nxe4 Bd7 5. Nf3 Bc6 6. Ng3 Nd7 7. c3 Ngf6 8. Bd3 Be7 9. 0-0 0-0 10. b3 a5 11. a3 Re8 12. Bb2 Bf8 13. c4 g6 14. Qe2 Bxf3 15. Qxf3 c6 16. Rad1 Bg7 17. Rfe1 Qb6 18. Bc2 Rad8 19. h4 h5 20. Ne4 Nxe4 21. Qxe4 Nf6 22. Qf4 Ng4 23. g3 Rd7 24. Kg2 Red8 25. f3 Nf6 26. d5 e5 27. Bxe5 cxd5 28. Bd4 Qc6 29. c5 Nh7 30. b4 axb4 31. axb4 Bxd4 32. Qxd4 Nf8 33. g4 Ne6 34. Qf6 Ng7 35. Qd4 b6 36. Bb3 bxc5 37. Qxc5 Qxc5 38. bxc5 Ne6 39. Rc1 Nf4+ 40. Kg3 Nd3 41. c6 Rc7 42. Red1 Nxc1 43. Rxc1 d4 44. Kf2 d3 45. Rc3 d2 46. Bd1 Rd6 47. Ke3 Rcxc6 48. Rxc6 Rxc6 49. Kxd2 hxg4 50. fxg4 Kg7 51. Ke3 Rc3+ 52. Kf4 Rh3 53. h5 Rh2 54. hxg6 fxg6 55. g5 Rb2 56. Bf3 Rb4+ 57. Be4 Kf7 58. Ke5 Rb5+ 59. Kf4 Ra5 60. Bd3 Ra4+ 61. Be4 Ra6 62. Ke5 Rb6 63. Kf4 Ke7 64. Ke5 Re6+ 65. Kf4 Kd6 66. Bd3 Kd5 67. Bc2 Kd4 68. Bxg6 Rxg6 69. Kf5 Rg8 70. g6 Kd5 71. Kf6 Rf8+ 72. Ke7 Rf1 73. g7 Rg1 74. Kf7 Rf1+ 75. Ke7 Rg1 76. Kf7 Rf1+ 77. Ke7 1/2-1/2

[Event "Titled Tuesday intern op 13th Jun Early"]
[Site "Chess.com INT"]
[Date "2023.06.13"]
[Round "8"]
[White "Baches Garcia, Guillermo"]
[Black "Howell, David"]
[Result "1/2-1/2"]
[WhiteElo "2327"]
[BlackElo "2677"]
[PlyCount "173"]
[EventDate "2023.06.13"]
[EventType "swiss (blitz)"]
[EventRounds "11"]
[EventCountry "USA"]
[SourceTitle "EXT 2024"]
[Source "ChessBase"]
[SourceDate "2023.10.10"]
[SourceVersion "1"]
[SourceVersionDate "2023.10.10"]
[SourceQuality "1"]

1. e4 e6 2. d4 d5 3. exd5 exd5 4. Nf3 Bd6 5. c4 c6 6. Nc3 Nf6 7. Bd3 dxc4 8. Bxc4 0-0 9. 0-0 Nbd7 10. Bg5 Nb6 11. Bb3 Re8 12. Ne5 Be6 13. Bc2 Be7 14. Qd3 g6 15. Qf3 Nfd5 16. Bxe7 Qxe7 17. Ne4 f6 18. Nd3 Bf5 19. Nec5 Qf7 20. Bb3 Rad8 21. h3 Kg7 22. Rad1 Qc7 23. Rfe1 Bc8 24. a3 Qf7 25. h4 Rxe1+ 26. Rxe1 Re8 27. Rd1 h5 28. Qg3 Qc7 29. Qxc7+ Nxc7 30. Nf4 Nbd5 31. Nxd5 Nxd5 32. Bxd5 cxd5 33. Rc1 Re7 34. Nd3 Be6 35. Nf4 Bf7 36. Rc5 g5 37. hxg5 fxg5 38. Nxd5 Re1+ 39. Kh2 b6 40. Rc7 Re2 41. Rxa7 Rxf2 42. Nxb6 Rxb2 43. Nc4 Rc2 44. Ne5 Kf6 45. Rxf7+ Ke6 46. Rf3 Ra2 47. Nc4 g4 48. Re3+ Kd5 49. Ne5 Kxd4 50. Re1 Rxa3 51. Ng6 Ra6 52. Nh4 Rf6 53. Re2 Kd3 54. Ra2 Ke4 55. g3 Rh6 56. Kg2 Rh8 57. Re2+ Kd4 58. Re1 Kd5 59. Re2 Rh6 60. Kh2 Rh7 61. Ng2 Rh8 62. Rf2 Kd4 63. Rf5 Ke4 64. Rf4+ Ke5 65. Rf2 Rd8 66. Nh4 Rg8 67. Kg1 Ke4 68. Kg2 Ke3 69. Ra2 Rd8 70. Ra3+ Ke4 71. Ra2 Ke3 72. Kh2 Rc8 73. Ng2+ Ke4 74. Ra4+ Kf3 75. Ra3+ Kf2 76. Ra2+ Kf3 77. Rb2 Rd8 78. Nh4+ Ke4 79. Re2+ Kd3 80. Re1 Rh8 81. Kg1 Rf8 82. Ng2 Kd4 83. Rf1 Re8 84. Rf5 Rh8 85. Kh2 Ke4 86. Rg5 Kd4 87. Rf5 1/2-1/2

[Event "Titled Tuesday intern op 13th Jun Early"]
[Site "Chess.com INT"]
[Date "2023.06.13"]
[Round "7"]
[White "Ciuffoletti, Paolo"]
[Black "Howell, David"]
[Result "0-1"]
[WhiteElo "2106"]
[BlackElo "2677"]
[PlyCount "104"]
[EventDate "2023.06.13"]
[EventType "swiss (blitz)"]
[EventRounds "11"]
[EventCountry "USA"]
[SourceTitle "EXT 2024"]
[Source "ChessBase"]
[SourceDate "2023.10.10"]
[SourceVersion "1"]
[SourceVersionDate "2023.10.10"]
[SourceQuality "1"]

1. e4 e6 2. d4 d5 3. e5 Bd7 4. Nf3 c5 5. c3 Qb6 6. Be2 Bb5 7. c4 Bxc4 8. Bxc4 dxc4 9. d5 exd5 10. Qxd5 Ne7 11. Qe4 Qc6 12. Qe2 Nd5 13. Qxc4 Be7 14. 0-0 Nd7 15. Nbd2 0-0 16. Qg4 Rfe8 17. Re1 Nf8 18. Ne4 Qg6 19. Qxg6 hxg6 20. Bg5 Bxg5 21. Nexg5 b6 22. a3 Nf4 23. Rad1 Rad8 24. Kf1 N8e6 25. g3 Nxg5 26. Nxg5 Nd3 27. Re2 c4 28. f4 b5 29. Ne4 a6 30. Red2 f6 31. Nc5 fxe5 32. Nxd3 cxd3 33. Rxd3 Rxd3 34. Rxd3 exf4 35. gxf4 Re4 36. Rf3 Kf7 37. Kf2 Kf6 38. h4 Kf5 39. Kg3 Re2 40. b3 Ra2 41. Rd3 Rxa3 42. Rd5+ Ke4 43. Re5+ Kd4 44. Rg5 Rxb3+ 45. Kg4 Rb1 46. Rxg6 Rg1+ 47. Kh5 Rxg6 48. Kxg6 b4 49. h5 b3 50. h6 gxh6 51. f5 b2 52. f6 b1Q+ 0-1

[Event "Titled Tuesday intern op 13th Jun Early"]
[Site "Chess.com INT"]
[Date "2023.06.13"]
[Round "9"]
[White "Howell, David"]
[Black "Korol, Dimitry"]
[Result "1-0"]
[WhiteElo "2677"]
[BlackElo "2287"]
[PlyCount "93"]
[EventDate "2023.06.13"]
[EventType "swiss (blitz)"]
[EventRounds "11"]
[EventCountry "USA"]
[SourceTitle "EXT 2024"]
[Source "ChessBase"]
[SourceDate "2023.10.10"]
[SourceVersion "1"]
[SourceVersionDate "2023.10.10"]
[SourceQuality "1"]

1. b3 c5 2. Bb2 Nc6 3. e3 e5 4. c4 g6 5. Nc3 Bg7 6. g3 Nge7 7. Bg2 0-0 8. Nge2 d6 9. 0-0 f5 10. a3 Be6 11. Nd5 Qd7 12. d3 Rae8 13. b4 b6 14. Qa4 h6 15. Rfe1 Kh7 16. Nec3 g5 17. Nxe7 Nxe7 18. Qxd7 Bxd7 19. Rab1 Bc6 20. Nb5 Bxb5 21. cxb5 Rd8 22. Rec1 Rd7 23. a4 Rfd8 24. a5 cxb4 25. a6 d5 26. Ba1 Ng6 27. Rxb4 Bf8 28. Rb3 Bc5 29. d4 exd4 30. exd4 Bf8 31. Kf1 Bg7 32. Bb2 Ne7 33. Ke2 Kg6 34. Kd3 Kf7 35. Rbc3 Ng6 36. Ba3 Ne7 37. Rc7 Bf8 38. Rb7 Rxb7 39. axb7 Rb8 40. Rc7 Ke6 41. f4 g4 42. Bb4 h5 43. Ba3 Kf6 44. Bd6 Ke6 45. Be5 Ng6 46. Rc6+ Kd7 47. Bxb8 1-0